Muani kay phalty affaq (Record no. 8861)

000 -LEADER
fixed length control field 00353 a2200145 4500
040 ## - CATALOGING SOURCE
Original cataloging agency DLC
Language of cataloging DLC
082 ## - DEWEY DECIMAL CLASSIFICATION NUMBER
Classification number 891.43101
100 ## - MAIN ENTRY--PERSONAL NAME
Personal name Iqbal Afaqi
245 ## - TITLE STATEMENT
Title Muani kay phalty affaq
Statement of responsibility, etc. Iqbal Afaqi
260 ## - PUBLICATION, DISTRIBUTION, ETC.
Place of publication, distribution, etc. Islamabad:
Name of publisher, distributor, etc. Ista-ara,
300 ## - PHYSICAL DESCRIPTION
Extent 168p;
Dimensions 24cm.
500 ## - GENERAL NOTE
General note Includes Index
650 ## - SUBJECT ADDED ENTRY--TOPICAL TERM
Topical term or geographic name entry element Urdu Literature
942 ## - ADDED ENTRY ELEMENTS (KOHA)
Koha item type Book
Call number prefix 891.43101 IQB
Source of classification or shelving scheme
Holdings
Withdrawn status Lost status Damaged status Not for loan Collection code Permanent Location Current Location Shelving location Date acquired Source of acquisition Cost, normal purchase price Total Checkouts Full call number Barcode Date last seen Price effective from Koha item type
          Central Library (CL) Central Library (CL) General Stacks 07/20/2009 Donation 0.00   891.43101 IQB SEECS009579 11/14/2012 01/05/2017 Book
© 2023 Central Library, National University of Sciences and Technology. All Rights Reserved.